[Event "FRA-chT Top 12"]
[Site "Brest"]
[Date "2019.05.20"]
[Round "3.6"]
[White "Degraeve, Jean Marc"]
[Black "Genzling, Alain"]
[Result "1/2-1/2"]
[WhiteElo "2546"]
[BlackElo "2376"]
[Annotator "Mueller,Karsten"]
[PlyCount "129"]
[EventDate "2019.05.18"]
[EventType "team-tourn"]
[EventRounds "11"]
[EventCountry "FRA"]
[SourceTitle "CBM 191"]
[Source "ChessBase"]
[SourceDate "2019.08.31"]
[SourceVersion "1"]
[SourceVersionDate "2019.08.31"]
[SourceQuality "1"]
[WhiteTeam "Asnieres"]
[BlackTeam "Cannes"]
[WhiteTeamCountry "FRA"]
[BlackTeamCountry "FRA"]
[TimeControl "40/5400+30:1800+30"]

1. e4 {[%emt 0:00:00]} c5 {[%emt 0:00:00]} 2. Nc3 {[%emt 0:00:12]} Nc6 {
[%emt 0:00:03]} 3. Bb5 {[%emt 0:00:13]} Nd4 {[%emt 0:00:36]} 4. Bc4 {[%emt 0:
00:09]} e6 {[%emt 0:00:31]} 5. Nf3 {[%emt 0:00:19]} Nf6 {[%emt 0:00:35]} 6. O-O
{[%emt 0:00:28]} a6 {[%emt 0:00:31]} 7. d3 {[%emt 0:00:19]} (7. Bb3 d6 8. d3
Nxb3 9. axb3 Be7 10. d4 cxd4 11. Qxd4 O-O 12. Rd1 e5 13. Qd3 h6 14. Nd2 b5 15.
Nf1 Bg4 16. Re1 b4 17. Nd5 Nxd5 18. Qxd5 Be6 19. Qd3 f5 20. exf5 Bxf5 21. Qd5+
Kh7 22. Ne3 Bg6 23. Bd2 a5 24. c3 Bf7 25. Qd3+ Bg6 26. Qb5 Bh4 27. g3 Bg5 28.
cxb4 Rb8 29. Qd5 axb4 30. Ra6 Qf6 31. Rf1 Rbd8 32. f3 Qf7 33. Ra5 Qxd5 34. Rxd5
Bf7 35. Rd3 d5 36. Bc1 Bg6 {Inarkiev,E (2730)-Gelfand,B (2734) Magas 2016 1/
2-1/2}) 7... b5 {[%emt 0:00:41]} 8. Bb3 {[%emt 0:00:17]} Nxb3 {[%emt 0:00:40]}
9. axb3 {[%emt 0:00:06]} Bb7 {[%emt 0:00:16]} 10. e5 {[%emt 0:01:11]} b4 {
[%emt 0:01:52]} 11. exf6 {[%emt 0:08:17]} bxc3 {[%emt 0:01:10]} 12. fxg7 {
[%emt 0:11:10]} Bxg7 {[%emt 0:00:43]} 13. bxc3 {[%emt 0:00:34]} Bxc3 {[%emt 0:
03:55]} 14. Ra4 {[%emt 0:00:45]} Rg8 {[%emt 0:04:34]} 15. Bf4 {[%emt 0:00:21]}
Qf6 {[%emt 0:11:21]} 16. Bg3 {[%emt 0:00:28]} Bxf3 {[%emt 0:07:51]} 17. gxf3 {
[%emt 0:05:04]} h5 {[%emt 0:27:33]} 18. h4 $146 {[%emt 0:06:36]} (18. Kh1 Bd4
19. h4 Ke7 20. Qe2 Rg6 21. Rg1 Rag8 22. Rxa6 Kf8 23. Ra4 Kg7 24. b4 cxb4 25.
Rxb4 Kh7 26. Rg2 Qg7 27. Rb5 f5 28. Rg1 e5 29. f4 Rg4 30. fxe5 f4 31. e6 Rxh4+
32. Kg2 Qxg3+ {0-1 (32) Iuldachev,S (2550)-Aronian,L (2675) Mallorca 2004})
18... d5 {[%emt 0:03:50]} 19. Qe2 {[%emt 0:01:18]} Bd4 {[%emt 0:05:02]} 20. Kh2
{[%emt 0:00:37]} a5 {[%emt 0:00:43]} 21. c4 {[%emt 0:04:01]} Kd7 {[%emt 0:00:
12]} 22. Qa2 {[%emt 0:02:36]} Be5 {[%emt 0:02:05]} 23. cxd5 {[%emt 0:03:17]}
Qxf3 {[%emt 0:00:58]} 24. dxe6+ {[%emt 0:01:44]} fxe6 {[%emt 0:01:23]} 25. Rg1
{[%emt 0:01:24]} Bxg3+ {[%emt 0:10:44]} 26. fxg3 {[%emt 0:00:26]} Qxd3 {
[%emt 0:01:53]} 27. Rxa5 {[%emt 0:02:10]} Rxa5 {[%emt 0:00:17]} 28. Qxa5 {
[%emt 0:00:07]} Qxb3 {[%emt 0:04:14]} 29. Qxc5 {[%emt 0:00:31]} Qd5 {[%emt 0:
00:49]} 30. Qa7+ {[%emt 0:01:30]} Kd6 {[%emt 0:00:16]} 31. Qa3+ {[%emt 0:02:32]
} Kd7 {[%emt 0:02:59]} 32. Qa4+ {[%emt 0:01:10]} Ke7 {[%emt 0:00:01]} 33. Qa7+
{[%emt 0:04:48]} Kd6 {[%emt 0:00:20]} 34. Rg2 {[%emt 0:01:07]} Ra8 {[%emt 0:01:
41]} 35. Qb6+ {[%emt 0:00:11]} Kd7 {[%emt 0:00:22]} 36. Qb2 {[%emt 0:00:07]}
Ke7 {[%emt 0:04:16]} 37. Rd2 {[%emt 0:00:15]} Qf3 {[%emt 0:00:16]} 38. Qg7+ {
[%emt 0:04:34]} Ke8 {[%emt 0:00:05]} 39. Qd7+ {[%emt 0:00:35]} Kf8 {[%emt 0:00:
01]} 40. Qxe6 $6 {[%emt 0:01:19]} (40. Qh7 {[%csl Ra8,Rf8]} Qe3 41. Qh8+ {
[%cal Gh8a8]}) 40... Re8 {[%emt 0:01:38]} 41. Qh6+ {[%emt 0:33:41]} Kg8 {
[%emt 0:31:01]} 42. Qg6+ {[%emt 0:00:08]} Kf8 {[%emt 0:00:05]} 43. Qc2 {
[%emt 0:02:23]} Qg4 {[%emt 0:00:00]} 44. Rf2+ {[%emt 0:00:00]} Kg7 {[%emt 0:00:
00]} 45. Qb2+ {[%emt 0:00:00]} Kg8 {[%emt 0:00:00]} 46. Qb5 {[%emt 0:00:00]}
Rf8 {[%emt 0:00:00]} 47. Qd5+ {[%emt 0:00:00]} Kg7 {[%emt 0:00:00]} 48. Qe5+ {
[%emt 0:00:00]} Kg8 {[%emt 0:00:00]} 49. Rxf8+ {[%emt 0:00:00]} Kxf8 {[%emt 0:
00:00]} 50. Qf4+ {[%emt 0:00:00]} Kg7 {[%emt 0:00:00]} 51. Qxg4+ {[%emt 0:00:
00]} hxg4 {[%emt 0:00:00]} 52. Kg2 {[%emt 0:00:00]} Kg6 {[%emt 0:00:00]} 53.
Kf2 {[%emt 0:00:00]} Kf6 $1 {[%emt 0:00:00] Les Noirs tiennent l'opposition à
distance} 54. Ke2 {[%emt 0:00:00]} Ke6 {[%emt 0:00:00]} 55. Kd2 {[%emt 0:00:00]
} Kd6 {[%emt 0:00:00]} 56. Kc2 {[%emt 0:00:00]} Ke6 {[%emt 0:00:00]} 57. Kb2 {
[%emt 0:00:00]} {The whole bandwidth of the opposition In chess the opposition
means that the square enclosing the two kings has corners of the same colour.
You should remember that all four or else two corners must be of the same
colour. The side which does not have the move possesses the opposition: Die
ganze Bandbreite der Opposition Im Schach heißt Opposition, dass das Rechteck
um die König gleichfarbige Ecken hat. Man beachte, dass alle vier oder zwei
Ecken gleichfarbig sein müssen. Die Seite, welche dann nicht am Zug ist, hat
die Opposition:} Kd6 $1 {[%emt 0:00:00] The virtual opposition is indicated.
The position is drawn because all the key squares, f4-d4-d7-g7, lie within the
square of the protected passed pawn. Black must always adopt the appropriate
form of the opposition. Opposition is the correct plan when it is all about
the struggle for the three adjacent key squares: Virtuelle Opposition ist
angesagt. Die Stellung ist remis, weil alle Schlüsselfelder f4-d4-d7-g7 im
Quadrat des gedeckten Freibauern liegen. Schwarz muss immer die passende Form
der Opposition einnehmen. Opposition ist das richtige Konzept, wenn es um den
Kampf um drei nebeneinanderliegende Schlüsselfelder geht:} (57... Kf6 $2 {
[%csl Gb2,Gb6,Gf2,Gf6] The distant diagonal opposition loses here, because the
black king cannot go on to the f4-square Ferndiagonalopposition verliert hier,
weil der schwarze König das Feld f4 nicht betreten kann} 58. Kb3 Kf5 59. Kb4
Kf6 60. Kc4 Ke6 61. Kd4 {The white king has reached a key square and White
wins in the usual way: Der weiße König hat ein Schlüsselfeld erreicht und
Weiß gewinnt wie üblich:} Kf5 62. Kd5 Kf6 63. Ke4 Kg6 64. Kf4 Kh5 65. Kf5 Kh6
66. Kxg4 $18) 58. Ka3 {[%emt 0:00:00]} Ke5 {[%emt 0:00:00] Virtual opposition
Virtuelle Opposition} 59. Kb3 {[%emt 0:00:00]} Kd5 {[%emt 0:01:38] Diagonal
opposition  Diagonalopposition} 60. Kb2 {[%emt 0:00:00]} Kd6 {[%emt 0:00:11]
Virtual opposition Virtuelle Opposition} 61. Ka2 {[%emt 0:00:00]} Ke6 {[%emt 0:
00:29] Distant diagonal opposition Ferndiagonalopposition} 62. Ka3 {[%emt 0:00:
00]} Ke5 {[%emt 0:00:11] Virtual opposition  Virtuelle Opposition} 63. Ka4 {
[%emt 0:00:00]} Ke4 {[%emt 0:00:53] Distant opposition. Here the square has
only two corners.  Fernopposition. Hier hat das Rechteck nur zwei Ecken.} 64.
Kb3 {[%emt 0:00:00]} Kd5 {[%emt 0:00:20] Diagonal opposition 
Diagonalopposition} 65. Kb2 {[%emt 0:00:00]} 1/2-1/2

[Event "Bundesliga 9899"]
[Site "Germany"]
[Date "1999.04.17"]
[Round "14.6"]
[White "Hansen, Sune Berg"]
[Black "Gauglitz, Gernot"]
[Result "1-0"]
[WhiteElo "2520"]
[BlackElo "2410"]
[Annotator "Mueller,Karsten"]
[PlyCount "107"]
[EventDate "1998.10.17"]
[EventType "team-tourn"]
[EventRounds "15"]
[EventCountry "GER"]
[SourceTitle "GER-chT"]
[Source "ChessBase"]
[SourceDate "1999.07.01"]
[SourceVersion "1"]
[SourceVersionDate "1999.07.01"]
[SourceQuality "1"]
[WhiteTeam "Hamburger SK"]
[BlackTeam "Dresden"]
[WhiteTeamCountry "GER"]
[BlackTeamCountry "GER"]

1. e4 c5 2. Nf3 Nc6 3. Nc3 e5 4. Bc4 d6 5. d3 h6 {nimmt Weiß das Feld g5 und
verhindert somit im Fall von Sf6 einen Abtausch des schwarzfeldrigen Läufers
gegen den Springer} 6. h3 {ist etwas anders motiviert als h6. Natürlich würde
Weiß einen Abtausch des Läufers c8 gegen seinen Springer sogar begrüßen. So
hat h3 vor allem die Idee, eine Umgruppierung des Springers f3 vorzubereiten.}
g5 $6 (6... Nf6 7. Nd5 Be7 8. O-O O-O 9. c3 Nxd5 10. Bxd5 {und Weiß stand in S.
Bouaziz-L.Christiansen, Luzern 1989 etwas besser.}) 7. Nh2 Bg7 (7... Nge7 8.
Qf3 Rh7 {ist ebenfalls leicht vorteilhaft für Weiß, O.Ionescu Baciu-M.Velcheva,
Timisoara 1993.}) 8. Qh5 Qd7 {[#]} 9. Nd5 ({Auf} 9. Nb5 {geht noch} Nd8) 9...
Nd4 10. c3 Ne6 (10... Nc2+ $2 11. Kd1 Nxa1 12. Bb5 $18) 11. a4 Qd8 ({Auch nach
} 11... Nc7 12. Ng4 b6 13. Nge3 {sowie}) (11... Ne7 12. Ng4 Nxd5 13. Bxd5 {
steht Weiß etwas besser.}) 12. Ng4 Bd7 13. Nge3 Nf6 14. Nxf6+ Qxf6 15. g3 Nc7
16. a5 Rd8 17. O-O Qg6 18. Qxg6 fxg6 19. Kg2 Bc6 20. Re1 Ke7 21. Bd2 a6 22.
Rab1 d5 $6 {diese Öffnung der Stellung kommt Weiß zu Gute.} ({Es war besser mit
} 22... Rhf8 {zunächst weiter abzuwarten.}) 23. exd5 Nxd5 24. Kg1 Rhe8 $6 25.
Nxd5+ Bxd5 26. Be3 Kd6 {[#]} 27. b4 $1 Bxc4 (27... cxb4 28. Bxd5 Kxd5 29. Rxb4
{und der weiße Angriff am Damenflügel ist sehr gefährlich.}) 28. dxc4 e4 29.
bxc5+ Kc7 30. c6 $1 $18 Kxc6 (30... Bxc3 31. Rxb7+ Kxc6 32. Rb6+ Kc7 33. Reb1
Rb8 34. Rc1 Bxa5 35. Rxa6 $18) 31. Rb6+ Kc7 32. Reb1 Rb8 33. Rxg6 Bxc3 34. Bb6+
Kd7 35. Rxh6 Rh8 (35... Rbc8 36. Bd4 Bxa5 37. Rxb7+ Rc7 38. Rxc7+ Bxc7 39. Rxa6
$18) 36. Rd1+ Ke7 37. Bc5+ Kf7 38. Rd7+ Ke8 39. Re7+ Kd8 40. Rhe6 Bxa5 41. Rxe4
b5 42. Bd4 Rg8 43. Bf6 Kc8 44. cxb5 axb5 45. R4e5 Bb6 (45... Bb4 46. Ra7 Bd6
47. Rd5 Rb6 48. Bd4 Rc6 49. Ra8+ Bb8 50. Rxb5 $18) 46. Re8+ Rxe8 47. Rxe8+ Kb7
48. Rxb8+ Kxb8 49. h4 gxh4 50. gxh4 Bc5 51. Bg7 b4 52. h5 b3 53. h6 Bf8 $5 {
[#]3 Sekunden dachte ich, neben dem Brett stehend, daß die Lage nun noch nicht
so klar sei, dann zog Sune} 54. Be5+ 1-0

[Event "Moscow Aeroflot op"]
[Site "Moscow"]
[Date "2002.02.05"]
[Round "1"]
[White "Sandipan, Chanda"]
[Black "Sveshnikov, Evgeny"]
[Result "1-0"]
[WhiteElo "2452"]
[BlackElo "2565"]
[Annotator "Oratovsky,M"]
[PlyCount "141"]
[EventDate "2002.02.04"]
[EventType "swiss"]
[EventRounds "9"]
[EventCountry "RUS"]
[SourceTitle "CBM 088"]
[Source "ChessBase"]
[SourceDate "2002.03.21"]
[SourceVersion "1"]
[SourceVersionDate "2002.03.21"]
[SourceQuality "1"]

1. e4 {[%mdl 6148]} c5 2. Nf3 Nc6 3. Bb5 e6 4. O-O Nge7 5. Re1 Nd4 ({main
continuation in this position is} 5... a6 6. Bf1 ({another possibility is} 6.
Bxc6 Nxc6 7. d4 cxd4 8. Nxd4 d6 (8... Qc7 9. Nxc6 Qxc6 10. Nc3 b5 11. a4 b4 12.
Nd5 Bb7 13. Bd2 a5 14. c3 $5 $14 {Glek,I-Bischoff,K/Bad Zwesten GER 2002 (43)
and black has problems with development of kingside}) 9. Nc3 Be7 10. Nxc6 bxc6
11. Qg4 {[%csl Gg7]} Kf8 (11... O-O 12. Bh6 Bf6 13. e5 dxe5 14. Ne4 $40 {
[%cal Ga1d1]}) 12. e5 d5 13. Be3 $14 {[%csl Rf8][%cal Ga1d1,Gc3a4] Sandipan,
C-Shariyazdanov,A/Moscow RUS 2002 (47)}) 6... d5 7. exd5 Qxd5 8. Bd3 Ng6 (8...
g6 9. Be4 Qd6 10. b4 $5 {[%cal Gc1b2]} Bg7 11. bxc5 Qxc5 12. Ba3 Qa5 13. c3 $14
{[%cal Gd2d4] 1-0 Benjamin,J-Shabalov,A/Foxwoods Open, Connecticut USA 2002 
(40)}) 9. Be4 Qd6 10. c3 Be7 11. d4 O-O 12. Be3 cxd4 13. cxd4 Bd7 14. Nc3 $14 {
[%csl Rg6] Benjamin,J-Hahn,A/Seattle USA 2002 in tipical position with
isolated pawn-1 question:whats doing black knight on g6?!}) 6. Nxd4 cxd4 7. c3
a6 8. Ba4 Nc6 9. d3 {[%cal Gb1d2,Gd2f3]} Bc5 10. Qh5 Ba7 (10... d6 11. Bg5 Qc7
12. Nd2 $14 {[%cal Ga1c1]}) 11. Bg5 Qa5 12. Bxc6 bxc6 13. Nd2 h6 ({too
dangerouse was for black to accept pawn sac after} 13... dxc3 14. Nc4 Qc5 15.
bxc3 Qxf2+ 16. Kh1 {[%cal Gc4d6]} Qc5 (16... O-O 17. Be7 $16 {[%cal Ge1f1]})
17. e5 O-O 18. Re3 $16 {[%csl Rg8][%cal Ge3g3,Ge3h3]}) 14. e5 {[%csl Re8][%cal
Gd2e4,Ge4d6]} d5 $8 15. Nb3 Qb5 16. cxd4 $16 {white can be satisfied with the
opening results:pawn up,uncastled black king,bad bishop on c8.......} a5 17.
Qh4 (17. Be3 $5 a4 18. Qg4 $1 Kf8 19. Nc5 Bxc5 20. dxc5 Qxd3 21. Rad1 Qf5 22.
Qh4 $16) 17... a4 18. Nc5 Bxc5 19. dxc5 {[%cal Gg5e7,Ge7d6] now whites
maneuvre Be7-d6 looks very strong!So black doesn't have time to capture any of
whites pawns. White initiative looks quite dangerous,and opposite colour
bishops makes this fact even more serious.} Ra7 $8 20. Rad1 Qxb2 21. Rb1 Qc3
22. h3 {profilactic} Qxd3 23. Rb8 O-O 24. Bxh6 Qh7 (24... gxh6 25. Re3 Qd1+ $8
26. Kh2 f5 27. Rg3+ ({white has minimum draw after} 27. Qxh6 {[%cal Ge3g3]} f4
28. Rxc8 Rxc8 29. Qxe6+ $44) 27... Kh7 28. f4 $40 {[%cal Gg3g5,Gg5h5]}) 25. Bg5
Qxh4 26. Bxh4 Ba6 27. Rb4 Bc4 28. a3 $14 {[%csl Ra4,Rc6,Gg1][%cal Gh4e7,Ge7d6,
Ge1b1,Yf2f3,Yg1d4,Gh3h4] arising endgame is better for white:their rooks are
more active,taking the only open-b file and white also has clear perspectives
for its king and bishop.} Rfa8 29. f3 $6 (29. Reb1 Ra5 30. Be7 Rb5 31. Bd6 $14
{[%cal Gf2f3]}) 29... Ra5 30. Bf2 Rb5 31. Reb1 Bb3 $2 (31... Rab8 $5 $11) 32.
Rxb5 cxb5 33. Bd4 {[%csl Gc5][%cal Gc5c6]} Kf8 34. h4 {[%cal Gh4h6,Gc5c7]} g6
35. Kf2 Kg7 36. Ke3 Rb8 37. Bc3 $16 d4+ {black has to sac a pawn,trying to
make some blockade against passed c pawn} 38. Bxd4 Bd5 39. g4 Bc6 40. Rb2 Rh8
41. Rh2 Rb8 42. Bc3 Rd8 43. Rd2 Rxd2 44. Bxd2 $16 {[%csl Yc6,Yd2][%cal Gc5c7,
Gh4h5] according al the books of endings white has all the chanses to win:} Kf8
45. f4 Bd5 46. Bc3 Bc6 47. Kf2 Be4 48. Kg3 Kg7 49. h5 Kh6 50. Kh4 gxh5 51. gxh5
Bf3 52. Bd2 {[%cal Gf4f5]} Be4 (52... Kg7 53. Kg5 Bd5 54. h6+ Kh7 55. f5 exf5
56. Kxf5 $18 {[%cal Gf5f6,Gf6e7,Ge7d6,Yc5c7]}) 53. f5+ Kg7 54. fxe6 fxe6 55.
Kg5 {[%cal Gh5h6,Gg5e7,Ge7d6] rest of the game is matter of technicue.} Kf7 56.
h6 Bd5 57. Bc3 Be4 58. Bb2 Bd5 59. h7 Kg7 60. h8=Q+ Kxh8 61. Kf6 Kg8 62. Ke7
Kg7 63. Kd7 Kg6 64. c6 Kf5 65. c7 Bb7 66. c8=Q Bxc8+ 67. Kxc8 Ke4 68. Kd7 Kd5
69. Ke7 b4 70. axb4 a3 71. Ba1 1-0

[Event "Moscow Aeroflot op"]
[Site "Moscow"]
[Date "2002.02.06"]
[Round "3"]
[White "Balashov, Yuri S"]
[Black "Bocharov, Dmitry"]
[Result "0-1"]
[WhiteElo "2545"]
[BlackElo "2452"]
[Annotator "Oratovsky,M"]
[PlyCount "84"]
[EventDate "2002.02.04"]
[EventType "swiss"]
[EventRounds "9"]
[EventCountry "RUS"]
[SourceTitle "CBM 088"]
[Source "ChessBase"]
[SourceDate "2002.03.21"]
[SourceVersion "1"]
[SourceVersionDate "2002.03.21"]
[SourceQuality "1"]

1. e4 {[%mdl 8240]} c5 2. Nf3 Nc6 3. Bb5 e6 4. Bxc6 bxc6 5. b3 f6 6. O-O Nh6 7.
d4 Nf7 8. c4 {looks logical-white adds 'c' pawn to control the centre,but in
my opinion not the best move.Black has more problems after} (8. Ba3 $5 cxd4 9.
Bxf8 Kxf8 10. Qxd4 Qb6 (10... e5 11. Qd2 (11. Qa4 $5 Qb6 12. Nbd2 g6 13. Nc4
Qc5 14. Ne3 a5 15. a3 $5 $14 {[%cal Gb3b4] 1-0 Kovalevskaya,E-Demina,J/Iki
Burul/Yashalta 1998/EXT 99 (35) black has disgarmony between his pieces}) 11...
d6 12. c4 g6 13. Nc3 Kg7 14. Rac1 {white has an advantage after tipical for
this structure} (14. c5 $1 $14) 14... Be6 15. Ne1 Qe7 16. Nd3 g5 17. c5 $14 {
1/2-1/2 Yudasin,L-Sveshnikov,E/St Petersburg 1997/CBM 61 ext (49)}) 11. Qd2 g6
12. c4 Kg7 13. Nc3 d6 14. Nd4 e5 15. Nc2 Rf8 16. Na4 Qc7 17. Rfd1 Be6 $13 {
0-1 Kosteniuk,A-Shumiakina,T/Elista 1998/CBM 66 ext (65)}) 8... cxd4 9. Qxd4 (
9. Nxd4 Be7 (9... Bb7 10. Ne2 Be7 11. Nbc3 O-O 12. Be3 c5 13. Ng3 g6 14. Qd2
Bc6 15. f3 Kg7 16. Nh1 $5 $14 {1-0 Ehlvest,J-Reefat,B/Dhaka 1999/CBM 70 (37)})
10. Nc3 O-O 11. Bb2 $6 {not the best place for the bishop in this pawn
structure} Re8 12. Qd3 c5 13. Nc2 Bb7 $13 {1/2-1/2 Mohr,G-Sveshnikov,E/Bled
1994/TD (30)}) 9... c5 10. Qd3 Be7 11. Nc3 O-O 12. Rd1 d6 13. Bf4 Bb7 14. a3 (
14. Ne1 $5 {[%cal Ge1c2,Gc2e3,Yf2f3]}) 14... a5 15. Qe2 Bc6 16. a4 Qb6 17. Nb5
Bb7 18. Re1 (18. Nd2 $5 {[%cal Gd2b1,Gb1c3]}) 18... Nd8 $1 {preparing maneuvre
Ne6-d4 after e5.Looks like black has solved his opening problems} 19. Rad1 e5
20. Be3 Ne6 21. Nd2 Nd4 22. Qd3 Rf7 {[%cal Gg7g6,Gf6f5,Ya8f8]} 23. f3 g6 24.
Nb1 {Finally white found a correct plan,but now black pieces are well prepared
to take an initiative on kingside.} f5 25. N1c3 Bh4 26. Rf1 f4 27. Bc1 (27.
Bxd4 $142 exd4 28. Nd5 Bxd5 (28... Qc6 29. Qd2 {[%cal Gd2f4,Gd2a5] prevents
blacks rook entering in the game}) 29. cxd5 {[%cal Gb5a3,Ga3c4]} Bf6 30. Na3
Rb8 31. Rb1 $14 {with visible advantage of white knight over black bishop})
27... Raf8 28. Nd5 Qd8 29. Nxd4 exd4 30. Rd2 Bxd5 31. exd5 (31. cxd5 $5) 31...
Bf6 32. Re2 Be5 33. Bd2 g5 $132 {inresting position:all black pawns are placed
on the squares same colour as his bishop,but bishop on e5 is not worse than
his opponent!} 34. h3 Rg7 35. Re4 h5 36. Kf2 $1 {[%cal Gf2e2,Ge2d1,Gd1c2]
tipical kings escape from Kings Indian} g4 37. hxg4 hxg4 38. Ke1 gxf3 39. gxf3
Qb6 40. Kd1 Rb8 41. Kc2 Rg2 42. Re2 $4 (42. Rb1 $14) 42... Rxe2 $19 {[%csl Rb3]
} 0-1

[Event "Reykjavik Hrokurinn"]
[Site "Reykjavik"]
[Date "2003.02.25"]
[Round "7"]
[White "Adams, Michael"]
[Black "Shirov, Alexei"]
[Result "0-1"]
[WhiteElo "2734"]
[BlackElo "2723"]
[Annotator "Oratovsky,M"]
[PlyCount "74"]
[EventDate "2003.02.18"]
[EventType "tourn"]
[EventRounds "9"]
[EventCountry "ISL"]
[EventCategory "15"]
[SourceTitle "CBM 094"]
[Source "ChessBase"]
[SourceDate "2003.05.26"]
[SourceVersion "1"]
[SourceVersionDate "2003.05.26"]
[SourceQuality "1"]

1. e4 c5 2. Nf3 Nc6 3. Bb5 e6 4. Bxc6 bxc6 5. b3 Ne7 (5... d6 6. e5 dxe5 7.
Nxe5 Qd4 8. Nc4 Qxa1 9. Nc3) 6. Bb2 Ng6 7. h4 $5 {Provokes weaknesses on the
kingside.} h5 8. e5 d6 $146 {In my opinion-strategically dubious decision.
Normally in such pawn structure black tries to keep "d" pawn alive,otherwise
doubled "c" pawns will be also isolated.} (8... Be7 9. Nc3 (9. d3 f6 10. Nbd2
d5 11. exd6 Qxd6 12. g3 e5 13. Qe2 Bg4 14. Qe4 Nf8 15. Nh2 Be6 16. Rg1 Bf7 17.
O-O-O Qd5 18. f4 exf4 19. gxf4 $14 {0-1 Relange,E-Ciemniak,R/Buenos Aires 1992/
EXT 97 (44). (44)}) 9... f6 10. Ne4 Kf7 11. d3 Qc7 12. Qe2 a5 13. a4 Rb8 14.
O-O Nxe5 15. Bxe5 fxe5 16. Neg5+ Bxg5 17. Nxe5+ Ke8 18. hxg5 d6 19. Ng6 Rh7 20.
Qe4 Rb4 21. c4 Qf7 22. Ne5 {1-0 Svetushkin,D-Stoumbos,K/Korinthos 2001/EXT
2002 (22).}) (8... c4 $6 9. bxc4 Rb8 10. Bc3 c5 11. d3 Be7 12. Nbd2 f5 13. exf6
gxf6 14. Qe2 Kf7 15. O-O Bb7 16. Rfe1 Qc7 17. Qe3 Rbg8 18. Ne4 e5 19. Bb2 d6
20. c3 Nf4 21. Ng3 f5 $17 {0-1 German,P-Milos,G/Buenos Aires 1997/CBM 58 ext 
(39). (39)}) 9. exd6 Qxd6 10. Qe2 (10. Na3 $5 f6 (10... Nf4 11. Be5) 11. Nc4
Qd5 12. d3 e5 13. Ne3 Qf7 14. Nd2 $14 {[%csl Gc4,Rc5,Rc6,Gd5,Ge3,Gf5,Gg4][%cal
Gd1f3,Ye1c1]}) 10... f6 11. Qe4 Kf7 12. Nc3 (12. Na3 Qd5) 12... e5 13. O-O-O
Be7 14. d3 Be6 15. g3 {[%csl Gg3,Rg6]} Rad8 16. Rhf1 (16. Qe3 Bg4 17. Ne4 Qd5
18. Rde1 {[%cal Gf3d2]}) 16... Bh3 17. Rg1 Bg4 18. Rde1 Qe6 {[%csl Re4,Rg1]}
19. Nd2 Rd4 20. Qg2 Rhd8 21. f3 (21. Nce4 Kg8) 21... Bh3 22. Qf2 Bf5 23. Nce4
Qd7 24. Nc4 {From now until end of the game white ignores possibility to win
an exchange on d4.And if now black gets just an exellent compensation for this
exchange-13 moves later white misses mate in one move!} Be6 25. g4 hxg4 26.
fxg4 Bxc4 (26... Bxg4 27. Ne3 Bh5 (27... Be6 28. Ng5+) 28. Nf5 $40) 27. dxc4
Nf4 28. Qf3 a5 29. a4 Qb7 30. g5 $18 Rb8 31. gxf6 gxf6 32. Rg4 Nd3+ $5 {
Played "a la Shirov"! Black trying to find his chance in tactics: attack is
the best defence!} (32... Rd3 $6 33. cxd3 (33. Re3 $5) 33... Qxb3 34. Ng5+ Ke8
(34... fxg5 35. Rxf4+ gxf4 36. Qh5+ Kf8 37. Qxe5 $18) 35. Rxf4 Qxb2+ 36. Kd1
exf4 37. Qh5+ Kd8 38. Ne6+ Kd7 39. Nxc5+ Bxc5 40. Qf7+ $18) 33. cxd3 Qxb3 34.
Qg2 Bf8 {[%cal Gf8h6]} 35. Rg6 $2 {Probably with this move white misses a
chance to win the game.} (35. Rg1 $1 {[%cal Rg4g7]} Bh6+ 36. Kb1 Qxd3+ 37. Ka1
{And black has no sufficient defense against Rg7+}) 35... Qxd3 36. Rxf6+ Ke7
37. Bxd4 $4 (37. Rf2 $6 Rxc4+ 38. Rc2 Bh6+ 39. Ng5 (39. Kb1 Rcb4 $19 {[%cal
Rb4b2]}) 39... Rxb2 40. Kxb2 Rb4+ 41. Kc1 Qa3+ 42. Kd2 Rd4+ 43. Ke2 Qd3+ 44.
Kf2 Qxc2+ $19 {with easily winning ending}) ({But even after correct} 37. Nd2
$8 Kxf6 (37... Rxb2 $143 38. Kxb2 Kxf6 39. Qxc6+ Kg7 40. Ne4 $16 {white has a
dangerouse attack}) 38. Qg5+ Kf7 39. Bxd4 Qxd4 $8 (39... cxd4 40. Qh5+ $1 {
[%csl Re5]} Kg8 41. Rg1+ Bg7 42. Rxg7+ Kxg7 43. Qxe5+ $18 {[%cal Ge5g7,Ge5b8]})
40. Rxe5 Qa1+ 41. Kc2 Rb2+ 42. Kd3 Rxd2+ $1 43. Kxd2 Bh6 44. Rf5+ Ke6 $11 {
arising ending seems drawing.}) 37... Rb1# 0-1